Monet

Na minha lista:
Detalhes bibliográficos
Autor principal: Crespelle, Jean-Paul (Author)
Formato: Livro
Idioma:eslovaco
Publicado em: Bratislava : Fortuna Print, 1992
Assuntos:
Tags: Adicionar Tag
Sem tags, seja o primeiro a adicionar uma tag!

MARC

LEADER 00000nam a22000003a 4500
001 stu10620
005 20150617225701.1
008 941020s1992----cs------------------slo-d
040 |a STU  |b slo 
041 0 |a slo 
044 |a cs 
100 1 |a Crespelle, Jean-Paul  |4 aut 
245 1 |a Monet 
260 |a Bratislava :  |b Fortuna Print,  |c 1992 
300 |a nestr 
650 7 |a výtvarníci zahraniční  |2 stusub 
996 |b 284AU02802  |c A*1886 U  |l AAKNAR  |s A  |a 24  |w stu10620_0001 
996 |b 284AU09815  |c A* 13176/U  |l AAKNAR  |s A  |a 24  |w stu10620_0002